[Event "XtraCon-Skakligaen"]
[Site "Denmark"]
[Date "2011.10.29"]
[Round "1.2"]
[White "Kulaots, Kaido"]
[Black "Bekker Jensen, Simon"]
[Result "1/2-1/2"]
[WhiteElo "2592"]
[BlackElo "2409"]
[PlyCount "103"]
[EventDate "2011.10.29"]
[EventType "team-tourn"]
[EventRounds "9"]
[WhiteTeam "Skanderborg"]
[BlackTeam "Bronshoj"]
[WhiteTeamCountry "DEN"]
[BlackTeamCountry "DEN"]

1. e4 c5 2. Nf3 d6 3. d4 Nf6 4. Nc3 cxd4 5. Nxd4 a6 6. Bg5 Nbd7 7. Qe2 e5 8.
Nf5 h6 9. Bh4 g6 10. Ne3 Be7 11. O-O-O b5 12. f3 Bb7 13. Kb1 Rc8 14. Be1 Nb6
15. a3 Rc5 16. Na2 Nc4 17. Bb4 Nxe3 18. Qxe3 Rc8 19. Be2 Qc7 20. Qd2 d5 21.
Bxe7 Qxe7 22. exd5 Nxd5 23. Rhe1 Kf8 24. Bd3 Kg7 25. f4 f6 26. fxe5 fxe5 27. g3
Rhe8 28. Be4 Nf6 29. Bxb7 Qxb7 30. Qe3 Re6 31. Rd2 Rce8 32. Nb4 e4 33. Red1 Qb6
34. Qxb6 Rxb6 35. c3 Ng4 36. Re2 h5 37. h3 Nf6 38. Nc2 Rbe6 39. Ne3 Re5 40. Rd6
R8e6 41. Rxe6 Rxe6 42. Kc2 Kf7 43. c4 bxc4 44. Nxc4 Rc6 45. Kc3 Rc5 46. Kd4
Rd5+ 47. Ke3 Rd3+ 48. Kf2 Ke6 49. Ne3 Nd5 50. Nc4 Nf6 51. Ne3 Nd5 52. Nc4
1/2-1/2

[Event "XtraCon-Skakligaen"]
[Site "Denmark"]
[Date "2011.10.29"]
[Round "1.3"]
[White "Carstensen, Jacob"]
[Black "Pedersen, Nicolai Vesterbaek"]
[Result "1/2-1/2"]
[WhiteElo "2372"]
[BlackElo "2460"]
[PlyCount "95"]
[EventDate "2011.10.29"]
[EventType "team-tourn"]
[EventRounds "9"]
[WhiteTeam "Bronshoj"]
[BlackTeam "Skanderborg"]
[WhiteTeamCountry "DEN"]
[BlackTeamCountry "DEN"]

1. d4 Nf6 2. c4 e6 3. g3 c5 4. d5 exd5 5. cxd5 b5 6. Bg2 d6 7. a4 b4 8. Nd2 Ba6
9. Qc2 Nbd7 10. Nc4 Nb6 11. Nxb6 axb6 12. b3 g6 13. Bb2 Bg7 14. Nh3 O-O 15. O-O
Re8 16. Rfe1 Qe7 17. Rad1 Ne4 18. Bxg7 Kxg7 19. Bxe4 Qxe4 20. Qb2+ Qe5 21.
Qxe5+ Rxe5 22. e4 Rae8 23. f3 f5 24. Nf2 fxe4 25. fxe4 Bb7 26. Rf1 Ba6 27. Rfe1
Bb7 28. Rf1 h5 29. Rd2 g5 30. h3 R8e7 31. Kg2 Bc8 32. Re1 Bf5 33. Rde2 Bg6 34.
g4 hxg4 35. hxg4 Re8 36. Re3 R5e7 37. Kg3 Re5 38. R1e2 Bh7 39. Re1 R5e7 40. Rh1
Re5 41. Rhe1 R5e7 42. R1e2 Bg8 43. Kf3 Rf8+ 44. Kg3 Bh7 45. Nh3 Re5 46. Re1 Rf7
47. Kg2 Rf6 48. Kg3 1/2-1/2

[Event "XtraCon-Skakligaen"]
[Site "Denmark"]
[Date "2011.10.29"]
[Round "1.5"]
[White "Bromann, Thorbjorn"]
[Black "Kristensen, Leif Sogaard"]
[Result "1-0"]
[WhiteElo "2385"]
[BlackElo "2301"]
[PlyCount "77"]
[EventDate "2011.10.29"]
[EventType "team-tourn"]
[EventRounds "9"]
[WhiteTeam "Bronshoj"]
[BlackTeam "Skanderborg"]
[WhiteTeamCountry "DEN"]
[BlackTeamCountry "DEN"]

1. b3 c5 2. Bb2 Nc6 3. Nf3 d6 4. d4 cxd4 5. Nxd4 Qa5+ 6. Qd2 Qxd2+ 7. Nxd2 Bd7
8. e4 Nf6 9. g3 Rc8 10. c4 g6 11. Nxc6 bxc6 12. c5 Bg7 13. cxd6 exd6 14. Nc4
Ke7 15. Bg2 Ne8 16. Bxg7 Nxg7 17. O-O-O Ne8 18. Kb2 Be6 19. Ne3 Ng7 20. Rd4
Rhd8 21. Rc1 Rc7 22. Ra4 Rb8 23. Bf1 Ne8 24. f4 f6 25. h4 f5 26. exf5 gxf5 27.
Bd3 Kf6 28. g4 Ng7 29. gxf5 Bg8 30. Rg1 Kf7 31. Ng4 Kf8 32. Nf6 Rf7 33. Nxg8
Kxg8 34. f6 Rxf6 35. Rxa7 Rf7 36. Bxh7+ Kf8 37. Ra4 Rb5 38. Ra8+ Ke7 39. Bg8
1-0

[Event "XtraCon-Skakligaen"]
[Site "Denmark"]
[Date "2011.10.29"]
[Round "1.6"]
[White "Pedersen, Jan Rode"]
[Black "Hoi, Carsten"]
[Result "0-1"]
[WhiteElo "2204"]
[BlackElo "2372"]
[PlyCount "56"]
[EventDate "2011.10.29"]
[EventType "team-tourn"]
[EventRounds "9"]
[WhiteTeam "Skanderborg"]
[BlackTeam "Bronshoj"]
[WhiteTeamCountry "DEN"]
[BlackTeamCountry "DEN"]

1. e4 g6 2. d4 Bg7 3. Nc3 d6 4. f4 Nc6 5. Be3 Nf6 6. d5 Nb8 7. Nf3 c6 8. Bd3
cxd5 9. exd5 O-O 10. h3 Qa5 11. Bc4 b5 12. Bb3 b4 13. Ne2 Bb7 14. Bd4 Nxd5 15.
Bxg7 Kxg7 16. Qd4+ Nf6 17. O-O-O Nbd7 18. Kb1 Qc5 19. Rhe1 a5 20. Ng3 a4 21.
Bc4 Bxf3 22. gxf3 Rfc8 23. Qxc5 Rxc5 24. Bd3 Kf8 25. f5 Ne5 26. fxg6 hxg6 27.
Be4 d5 28. Bxd5 Nxd5 0-1

[Event "XtraCon-Skakligaen"]
[Site "Denmark"]
[Date "2011.10.29"]
[Round "1.7"]
[White "Holmsgaard, Henrik"]
[Black "Clerico, Antonio"]
[Result "1-0"]
[WhiteElo "2320"]
[BlackElo "2134"]
[PlyCount "88"]
[EventDate "2011.10.29"]
[EventType "team-tourn"]
[EventRounds "9"]
[WhiteTeam "Bronshoj"]
[BlackTeam "Skanderborg"]
[WhiteTeamCountry "DEN"]
[BlackTeamCountry "DEN"]

1. e4 d5 2. exd5 Qxd5 3. Nc3 Qa5 4. d4 Nf6 5. Nf3 Bf5 6. Bd2 c6 7. Ne4 Qd8 8.
Nxf6+ exf6 9. g3 Bd6 10. Bg2 O-O 11. O-O Na6 12. a3 Qd7 13. Be3 Nc7 14. c4 Bh3
15. Qd3 Bxg2 16. Kxg2 a5 17. b3 Rfd8 18. Rfd1 Qe7 19. Bc1 Qd7 20. Bb2 Bf8 21.
Qc2 Re8 22. Rd2 Qg4 23. d5 cxd5 24. cxd5 Nb5 25. Qc4 Qd7 26. Qa4 Red8 27. Re1
Nd6 28. Qf4 Qf5 29. Qxf5 Nxf5 30. g4 Nd6 31. a4 b5 32. Rc1 bxa4 33. bxa4 Rdc8
34. Rdc2 Rd8 35. Nd4 Rdc8 36. Nc6 Re8 37. Bd4 Nb7 38. Rb1 Nd8 39. f3 Nxc6 40.
dxc6 Bb4 41. c7 Rec8 42. Rd1 Rf8 43. Bb6 Be7 44. Re2 g6 1-0

[Event "XtraCon-Skakligaen"]
[Site "Denmark"]
[Date "2011.10.29"]
[Round "1.8"]
[White "Grove, Peter"]
[Black "Brinck Claussen, Bjorn"]
[Result "0-1"]
[WhiteElo "2132"]
[BlackElo "2263"]
[PlyCount "54"]
[EventDate "2011.10.29"]
[EventType "team-tourn"]
[EventRounds "9"]
[WhiteTeam "Skanderborg"]
[BlackTeam "Bronshoj"]
[WhiteTeamCountry "DEN"]
[BlackTeamCountry "DEN"]

1. Nf3 d5 2. d4 Nf6 3. c4 c6 4. cxd5 cxd5 5. Nc3 g6 6. Qb3 Bg7 7. Bg5 e6 8. e3
O-O 9. Be2 Nc6 10. Ne5 Qa5 11. Nxc6 bxc6 12. Bf4 Ne4 13. f3 g5 14. Bc7 Qxc7 15.
fxe4 e5 16. exd5 exd4 17. exd4 Rb8 18. Qc4 Rxb2 19. O-O Qe7 20. Qd3 c5 21. Bf3
cxd4 22. Na4 Rb4 23. Rae1 Qd6 24. Qd1 Bd7 25. Qd2 Bxa4 26. Qxg5 Bc2 27. h4 h6
0-1

[Event "XtraCon-Skakligaen"]
[Site "Denmark"]
[Date "2011.10.29"]
[Round "1.1"]
[White "Hector, Jonny"]
[Black "Sorensen, Jan"]
[Result "1-0"]
[WhiteElo "2575"]
[BlackElo "2426"]
[PlyCount "87"]
[EventDate "2011.10.29"]
[EventType "team-tourn"]
[EventRounds "9"]
[WhiteTeam "Nordkalotten"]
[BlackTeam "Aarhus/Skolerne"]
[WhiteTeamCountry "DEN"]
[BlackTeamCountry "DEN"]

1. e4 e6 2. d4 d5 3. Nc3 Bb4 4. a3 Bxc3+ 5. bxc3 dxe4 6. Qg4 Nf6 7. Qxg7 Rg8 8.
Qh6 Nbd7 9. Ne2 c5 10. Ng3 Qc7 11. Bd2 b6 12. Bb5 Rg6 13. Qf4 Qxf4 14. Bxf4 Bb7
15. dxc5 Rc8 16. cxb6 axb6 17. O-O-O Bc6 18. Be2 Bd5 19. Rhe1 Rxc3 20. Kb2 Rc8
21. Ba6 Rc5 22. Bd6 Ra5 23. Bf1 Nc5 24. Rd4 Nfd7 25. Rb4 Rf6 26. Nh5 Rxf2 27.
Bg3 Rxf1 28. Rxf1 f5 29. Be1 Ra7 30. g4 Rc7 31. gxf5 exf5 32. Rxf5 Bf7 33. Nf6+
Ke7 34. Nxd7 Rxd7 35. Bh4+ Ke6 36. Rf1 Rb7 37. Bf2 Kd5 38. Bxc5 Kxc5 39. Rf5+
Kd6 40. Rxe4 Bg6 41. Rf6+ Kc5 42. Re5+ Kd4 43. Rb5 Rc7 44. c3+ 1-0

[Event "XtraCon-Skakligaen"]
[Site "Denmark"]
[Date "2011.10.29"]
[Round "1.2"]
[White "Skytte, Rasmus"]
[Black "Brynell, Stellan"]
[Result "1/2-1/2"]
[WhiteElo "2388"]
[BlackElo "2491"]
[PlyCount "39"]
[EventDate "2011.10.29"]
[EventType "team-tourn"]
[EventRounds "9"]
[WhiteTeam "Aarhus/Skolerne"]
[BlackTeam "Nordkalotten"]
[WhiteTeamCountry "DEN"]
[BlackTeamCountry "DEN"]

1. e4 e6 2. d4 d5 3. Nd2 Nf6 4. Bd3 c5 5. c3 Nc6 6. Ngf3 cxd4 7. cxd4 Nb4 8.
Bb1 dxe4 9. Nxe4 Be7 10. O-O O-O 11. Ne5 Bd7 12. a3 Nbd5 13. Qd3 Nxe4 14. Qxe4
g6 15. Bh6 Re8 16. Qf3 Bf6 17. Be4 Bc6 18. Rac1 Rc8 19. Bxd5 exd5 20. Rfe1
1/2-1/2

[Event "XtraCon-Skakligaen"]
[Site "Denmark"]
[Date "2011.10.29"]
[Round "1.3"]
[White "Kristensen, Kaare Hove"]
[Black "Christensen, Tobias"]
[Result "1/2-1/2"]
[WhiteElo "2296"]
[BlackElo "2346"]
[PlyCount "64"]
[EventDate "2011.10.29"]
[EventType "team-tourn"]
[EventRounds "9"]
[WhiteTeam "Nordkalotten"]
[BlackTeam "Aarhus/Skolerne"]
[WhiteTeamCountry "DEN"]
[BlackTeamCountry "DEN"]

1. e4 e5 2. Nf3 Nc6 3. d4 exd4 4. Nxd4 Nf6 5. Nxc6 bxc6 6. e5 Qe7 7. Qe2 Nd5 8.
c4 Ba6 9. Nd2 g6 10. Qe4 f5 11. exf6 Nxf6 12. Qxe7+ Bxe7 13. Be2 Kf7 14. O-O
Rhe8 15. a3 Bd6 16. Bf3 Rab8 17. b3 c5 18. Rd1 Bb7 19. Bxb7 Rxb7 20. Bb2 Be5
21. Bxe5 Rxe5 22. Re1 Rxe1+ 23. Rxe1 Rb6 24. Kf1 h6 25. Re3 Ng4 26. Rf3+ Kg7
27. Rg3 h5 28. h3 Nh6 29. Rd3 d6 30. g3 Nf5 31. f4 Ra6 32. b4 cxb4 1/2-1/2

[Event "XtraCon-Skakligaen"]
[Site "Denmark"]
[Date "2011.10.29"]
[Round "1.4"]
[White "Ochsner, Bjorn Moller"]
[Black "Hove, Esben Kjems"]
[Result "1-0"]
[WhiteElo "2252"]
[BlackElo "2265"]
[PlyCount "101"]
[EventDate "2011.10.29"]
[EventType "team-tourn"]
[EventRounds "9"]
[WhiteTeam "Aarhus/Skolerne"]
[BlackTeam "Nordkalotten"]
[WhiteTeamCountry "DEN"]
[BlackTeamCountry "DEN"]

1. e4 c6 2. d4 d5 3. Nc3 dxe4 4. Nxe4 Bf5 5. Ng3 Bg6 6. h4 h6 7. Nf3 Nd7 8. h5
Bh7 9. Bd3 Bxd3 10. Qxd3 Ngf6 11. Bf4 Qa5+ 12. Bd2 Qc7 13. O-O-O e6 14. Ne4
O-O-O 15. g3 Nc5 16. Nxc5 Bxc5 17. c4 Be7 18. Bc3 Kb8 19. Ne5 Rhf8 20. Qe2 Ka8
21. Nd3 Ne8 22. Kb1 Bf6 23. Ne5 Rg8 24. g4 Nd6 25. Rh3 b5 26. cxb5 Nxb5 27. f4
Rd5 28. Rc1 Bxe5 29. dxe5 Qb6 30. a4 Nc7 31. g5 Rgd8 32. Rg3 Na6 33. g6 fxg6
34. Rxg6 Nc5 35. a5 Qb7 36. a6 Nxa6 37. Rxe6 Nc5 38. Rd6 Na4 39. Rxd8+ Rxd8 40.
Qc4 Nb6 41. Qe4 Nd5 42. e6 Nxc3+ 43. Rxc3 Rd2 44. b3 Rd8 45. Kc2 Re8 46. Rxc6
Kb8 47. Qe5+ Ka8 48. Qd5 Kb8 49. Qd6+ Ka8 50. Qd7 Qb8 51. Rc7 1-0

[Event "XtraCon-Skakligaen"]
[Site "Denmark"]
[Date "2011.10.29"]
[Round "1.5"]
[White "Nielsen, Lars Aaes"]
[Black "Rendboe, John Filip"]
[Result "1/2-1/2"]
[WhiteElo "2259"]
[BlackElo "2242"]
[PlyCount "68"]
[EventDate "2011.10.29"]
[EventType "team-tourn"]
[EventRounds "9"]
[WhiteTeam "Nordkalotten"]
[BlackTeam "Aarhus/Skolerne"]
[WhiteTeamCountry "DEN"]
[BlackTeamCountry "DEN"]

1. e4 c5 2. c3 Nf6 3. e5 Nd5 4. Nf3 d6 5. d4 cxd4 6. cxd4 Nc6 7. Bc4 e6 8. O-O
Be7 9. Re1 O-O 10. a3 b6 11. b4 a6 12. Ra2 Bb7 13. Bxd5 exd5 14. Nc3 Na7 15.
Rd2 Rc8 16. Qb3 Rc4 17. Rd3 b5 18. Qb1 Qc8 19. Bb2 Qf5 20. Nd2 Rc7 21. Nb3 Nc8
22. exd6 Bxd6 23. Nc5 Nb6 24. Rdd1 Qxb1 25. Nxb1 Bc8 26. Nc3 Rd8 27. Bc1 h6 28.
h3 Kf8 29. Rd3 Re7 30. Rxe7 Kxe7 31. Kf1 Kf8 32. Ke2 Re8+ 33. Re3 Rxe3+ 34.
Bxe3 Ke7 1/2-1/2

[Event "XtraCon-Skakligaen"]
[Site "Denmark"]
[Date "2011.10.29"]
[Round "1.7"]
[White "Ejsing, Esben"]
[Black "Jacobsen, Bo"]
[Result "1/2-1/2"]
[WhiteElo "2092"]
[BlackElo "2317"]
[PlyCount "74"]
[EventDate "2011.10.29"]
[EventType "team-tourn"]
[EventRounds "9"]
[WhiteTeam "Nordkalotten"]
[BlackTeam "Aarhus/Skolerne"]
[WhiteTeamCountry "DEN"]
[BlackTeamCountry "DEN"]

1. c4 Nf6 2. Nf3 g6 3. Nc3 Bg7 4. g3 O-O 5. Bg2 Nc6 6. O-O d6 7. d3 Nh5 8. Rb1
f5 9. Bd2 f4 10. b4 a6 11. a4 Bg4 12. c5 Qd7 13. cxd6 exd6 14. Ne4 h6 15. Qb3+
Kh7 16. e3 fxe3 17. fxe3 Nf6 18. Nf2 Be6 19. Qc2 Rf7 20. Nh4 g5 21. Nf3 Raf8
22. b5 axb5 23. axb5 Ne7 24. Rbc1 Ng6 25. Nd4 Bd5 26. Ne4 Bxe4 27. dxe4 Ne5 28.
Rf5 c5 29. bxc6 bxc6 30. Nxc6 Rc8 31. Nxe5 Rxc2 32. Nxd7 Rxd2 33. Nxf6+ Rxf6
34. Rc7 Kg6 35. Bh3 Rd1+ 36. Kf2 Rd2+ 37. Kg1 Rd1+ 1/2-1/2

[Event "XtraCon-Skakligaen"]
[Site "Denmark"]
[Date "2011.10.29"]
[Round "1.8"]
[White "Hagen, Kresten Skytte"]
[Black "Noer, Martin Stampe"]
[Result "1-0"]
[WhiteElo "2190"]
[BlackElo "1940"]
[PlyCount "77"]
[EventDate "2011.10.29"]
[EventType "team-tourn"]
[EventRounds "9"]
[WhiteTeam "Aarhus/Skolerne"]
[BlackTeam "Nordkalotten"]
[WhiteTeamCountry "DEN"]
[BlackTeamCountry "DEN"]

1. Nf3 d5 2. d4 Nf6 3. c4 c6 4. Nc3 dxc4 5. a4 Bf5 6. Nh4 Bg4 7. h3 Bh5 8. g4
Bg6 9. Nxg6 hxg6 10. e3 e6 11. Bxc4 Bb4 12. Bd2 a5 13. Qf3 Nbd7 14. g5 Nd5 15.
h4 Qb6 16. h5 Rxh5 17. Rxh5 gxh5 18. Qxh5 g6 19. Qh8+ Bf8 20. O-O-O Qc7 21. Kb1
O-O-O 22. Qh7 N7b6 23. Bb3 Nxc3+ 24. Bxc3 Nd5 25. Bd2 Bb4 26. Bc1 c5 27. dxc5
Bxc5 28. Bxd5 Rxd5 29. Rxd5 exd5 30. Qg8+ Qd8 31. Qxf7 Qxg5 32. e4 Qe7 33. Qxd5
Bxf2 34. Bg5 Qe8 35. e5 Qd7 36. Qc4+ Kb8 37. e6 Qe8 38. e7 Bb6 39. Qb5 1-0

[Event "XtraCon-Skakligaen"]
[Site "Denmark"]
[Date "2011.10.30"]
[Round "2.2"]
[White "Brynell, Stellan"]
[Black "Kulaots, Kaido"]
[Result "1/2-1/2"]
[WhiteElo "2491"]
[BlackElo "2592"]
[PlyCount "44"]
[EventDate "2011.10.29"]
[EventType "team-tourn"]
[EventRounds "9"]
[WhiteTeam "Nordkalotten"]
[BlackTeam "Skanderborg"]
[WhiteTeamCountry "DEN"]
[BlackTeamCountry "DEN"]

1. d4 Nf6 2. c4 g6 3. g3 Bg7 4. Bg2 d5 5. cxd5 Nxd5 6. e4 Nb6 7. Ne2 c5 8. d5
e6 9. O-O O-O 10. Nbc3 exd5 11. exd5 Bf5 12. h3 h5 13. Ne4 Bxe4 14. Bxe4 Nc4
15. Nc3 Nd6 16. Bg2 Nd7 17. h4 Re8 18. Bg5 Bf6 19. Bf4 Be5 20. Bg5 Bf6 21. Bf4
Be5 22. Bg5 Bf6 1/2-1/2

[Event "XtraCon-Skakligaen"]
[Site "Denmark"]
[Date "2011.10.30"]
[Round "2.6"]
[White "Jakobsen, Peter"]
[Black "Pedersen, Jan Rode"]
[Result "1/2-1/2"]
[WhiteElo "2230"]
[BlackElo "2204"]
[PlyCount "60"]
[EventDate "2011.10.29"]
[EventType "team-tourn"]
[EventRounds "9"]
[WhiteTeam "Nordkalotten"]
[BlackTeam "Skanderborg"]
[WhiteTeamCountry "DEN"]
[BlackTeamCountry "DEN"]

1. Nf3 Nf6 2. c4 b6 3. d4 e6 4. a3 Bb7 5. Nc3 d5 6. cxd5 Nxd5 7. Qc2 g6 8. Bg5
f6 9. Bd2 Nxc3 10. bxc3 Qd5 11. e3 Bg7 12. Bd3 O-O 13. e4 Qd6 14. h4 Nc6 15. h5
Rad8 16. hxg6 hxg6 17. e5 Nxe5 18. Nxe5 fxe5 19. Bxg6 Bxg2 20. Bh7+ Kh8 21. Rh2
exd4 22. Rxg2 d3 23. Bxd3 Qxd3 24. Qxd3 Rxd3 25. Ke2 Rh3 26. Rag1 Bh6 27. Bxh6
Rxh6 28. Rg7 Rhf6 29. Rxc7 Rxf2+ 30. Ke3 R2f7 1/2-1/2

[Event "XtraCon-Skakligaen"]
[Site "Denmark"]
[Date "2011.10.30"]
[Round "2.8"]
[White "Noer, Martin Stampe"]
[Black "Watson, Colin"]
[Result "1/2-1/2"]
[WhiteElo "1940"]
[BlackElo "1918"]
[PlyCount "51"]
[EventDate "2011.10.29"]
[EventType "team-tourn"]
[EventRounds "9"]
[WhiteTeam "Nordkalotten"]
[BlackTeam "Skanderborg"]
[WhiteTeamCountry "DEN"]
[BlackTeamCountry "DEN"]

1. d4 d5 2. Nf3 c6 3. c3 Nf6 4. Bf4 Bf5 5. Nbd2 Nbd7 6. e3 e6 7. Be2 h6 8. h3
Be7 9. Qb3 Qb6 10. O-O O-O 11. c4 Ne4 12. Nxe4 Qxb3 13. axb3 Bxe4 14. c5 Bxf3
15. gxf3 e5 16. Bg3 exd4 17. exd4 Bf6 18. Rfd1 Rfe8 19. Kf1 Nf8 20. Rd3 Ne6 21.
Rad1 g5 22. Bd6 Bg7 23. R3d2 Rad8 24. b4 a6 25. Bg3 f5 26. Bd6 1/2-1/2

[Event "XtraCon-Skakligaen"]
[Site "Denmark"]
[Date "2011.10.30"]
[Round "2.1"]
[White "Hagen, Andreas Skytte"]
[Black "Borge, Nikolaj"]
[Result "1-0"]
[WhiteElo "2454"]
[BlackElo "2408"]
[PlyCount "75"]
[EventDate "2011.10.29"]
[EventType "team-tourn"]
[EventRounds "9"]
[WhiteTeam "K41"]
[BlackTeam "Hillerod"]
[WhiteTeamCountry "DEN"]
[BlackTeamCountry "DEN"]

1. c4 Nf6 2. g3 e5 3. Bg2 d6 4. Nc3 g6 5. e4 Be6 6. d3 Bg7 7. Nge2 Qd7 8. O-O
Nc6 9. Nd5 O-O 10. Bg5 Ng4 11. f3 f6 12. Bd2 Nh6 13. Be3 Ne7 14. d4 c6 15.
Nxe7+ Qxe7 16. d5 Bc8 17. dxc6 bxc6 18. c5 dxc5 19. Qc2 Rd8 20. Bxc5 Qe8 21.
Nc3 Nf7 22. Qf2 Rd7 23. Rfd1 Ng5 24. Be3 Ne6 25. Rxd7 Qxd7 26. Rd1 Qc7 27. Na4
Bf8 28. Bf1 Qa5 29. b3 Bb4 30. Bc4 Kf8 31. Qc2 Ke7 32. Kf2 Bd6 33. Bxe6 Bxe6
34. Qxc6 Rd8 35. Nc5 Bc8 36. Na4 Qb4 37. Nc3 Be6 38. Nb5 1-0

[Event "XtraCon-Skakligaen"]
[Site "Denmark"]
[Date "2011.10.30"]
[Round "2.2"]
[White "Jaksland, Tim"]
[Black "Nilssen, John Arni"]
[Result "0-1"]
[WhiteElo "2306"]
[BlackElo "2378"]
[PlyCount "148"]
[EventDate "2011.10.29"]
[EventType "team-tourn"]
[EventRounds "9"]
[WhiteTeam "Hillerod"]
[BlackTeam "K41"]
[WhiteTeamCountry "DEN"]
[BlackTeamCountry "DEN"]

1. e4 c5 2. Nc3 Nc6 3. Bb5 g6 4. Bxc6 bxc6 5. f4 c4 6. b3 cxb3 7. axb3 Bg7 8.
Nf3 Qc7 9. d4 Nh6 10. O-O O-O 11. Kh1 Bb7 12. Qe1 c5 13. d5 c4 14. b4 e6 15.
Ra5 exd5 16. Nxd5 Bxd5 17. Rxd5 c3 18. f5 Ng4 19. Qh4 h5 20. Rc5 Qb6 21. h3 Nh6
22. Be3 Rfe8 23. Re1 Qxb4 24. f6 Rxe4 25. Qf2 Bf8 26. Rd5 Rae8 27. Bxh6 Rxe1+
28. Nxe1 Qe4 29. Rd1 Bxh6 30. Nf3 Be3 31. Qe2 Bd2 32. Qxe4 Rxe4 33. Ra1 Be3 34.
Ra3 Rc4 35. Ra5 d6 36. Ra6 Bb6 37. Ra1 Rf4 38. Ra3 Rxf6 39. Rxc3 Rf5 40. Rd3 d5
41. g4 hxg4 42. hxg4 Rf4 43. g5 Rc4 44. c3 Ba5 45. Rxd5 Bxc3 46. Rd8+ Kg7 47.
Rd7 a5 48. Ra7 a4 49. Kg2 Bb2 50. Kf1 a3 51. Ke2 Rc5 52. Kd3 Rf5 53. Ke4 Kf8
54. Ra8+ Ke7 55. Ra7+ Kd8 56. Ra6 Kc8 57. Ra7 Kb8 58. Ra6 Kb7 59. Ra4 Kc6 60.
Rxa3 Bxa3 61. Nd4+ Kd7 62. Nxf5 Bc1 63. Nd4 Bxg5 64. Nf3 Bf6 65. Kd5 Ke7 66.
Ne1 Bg7 67. Nf3 f5 68. Kc4 Bf6 69. Kd3 Ke6 70. Ke3 g5 71. Ng1 Be5 72. Nf3 g4
73. Nh4 Bg3 74. Ng6 Kf7 0-1

[Event "XtraCon-Skakligaen"]
[Site "Denmark"]
[Date "2011.10.30"]
[Round "2.3"]
[White "Greger, Roland Reinhard"]
[Black "Ostergaard, Jens"]
[Result "1/2-1/2"]
[WhiteElo "2380"]
[BlackElo "2260"]
[PlyCount "81"]
[EventDate "2011.10.29"]
[EventType "team-tourn"]
[EventRounds "9"]
[WhiteTeam "K41"]
[BlackTeam "Hillerod"]
[WhiteTeamCountry "DEN"]
[BlackTeamCountry "DEN"]

1. e4 c5 2. Nf3 Nc6 3. Nc3 g6 4. d4 cxd4 5. Nxd4 Bg7 6. Be3 Nf6 7. f3 O-O 8.
Nb3 d6 9. Qd2 Be6 10. h4 h5 11. Nd5 Bxd5 12. exd5 Ne5 13. O-O-O Qc7 14. Qa5 b6
15. Qa6 Rfc8 16. c3 Nfd7 17. Bd4 Nc5 18. Nxc5 bxc5 19. Bxe5 Bxe5 20. g4 hxg4
21. fxg4 c4 22. Rh3 Rab8 23. Rf3 Qc5 24. Qa4 Qg1 25. Bh3 Qh2 26. Qc2 Bf4+ 27.
Kb1 Qxc2+ 28. Kxc2 g5 29. Bf1 Rc5 30. b4 cxb3+ 31. axb3 Kg7 32. Bc4 Rh8 33.
hxg5 Rh2+ 34. Kb1 Bxg5 35. Rdf1 f6 36. R1f2 Rh1+ 37. Kb2 a5 38. Re2 Kf8 39. Re4
Rh2+ 40. Kb1 Rh1+ 41. Kb2 1/2-1/2

[Event "XtraCon-Skakligaen"]
[Site "Denmark"]
[Date "2011.10.30"]
[Round "2.4"]
[White "Pedersen, Martin Rosenkilde"]
[Black "Schmidt, Kristen"]
[Result "1/2-1/2"]
[WhiteElo "2186"]
[BlackElo "2303"]
[PlyCount "45"]
[EventDate "2011.10.29"]
[EventType "team-tourn"]
[EventRounds "9"]
[WhiteTeam "Hillerod"]
[BlackTeam "K41"]
[WhiteTeamCountry "DEN"]
[BlackTeamCountry "DEN"]

1. e4 c5 2. c3 Nf6 3. e5 Nd5 4. d4 cxd4 5. Nf3 Nc6 6. Bc4 e6 7. cxd4 d6 8. O-O
Be7 9. a3 O-O 10. Re1 Qb6 11. Nc3 Nxc3 12. bxc3 dxe5 13. dxe5 Qc5 14. Qe2 Na5
15. Bd3 Nb3 16. Bxh7+ Kh8 17. Bd3 Nxc1 18. Raxc1 Bd7 19. Qe4 g6 20. Nd4 Kg7 21.
Qxb7 Rad8 22. Bb5 Bxb5 23. Qxb5 1/2-1/2

[Event "XtraCon-Skakligaen"]
[Site "Denmark"]
[Date "2011.10.30"]
[Round "2.5"]
[White "Christensen, Bo Garner"]
[Black "Pedersen, Christopher RNH"]
[Result "1/2-1/2"]
[WhiteElo "2277"]
[BlackElo "2078"]
[PlyCount "108"]
[EventDate "2011.10.29"]
[EventType "team-tourn"]
[EventRounds "9"]
[WhiteTeam "K41"]
[BlackTeam "Hillerod"]
[WhiteTeamCountry "DEN"]
[BlackTeamCountry "DEN"]

1. e4 c5 2. Nf3 d6 3. d4 cxd4 4. Nxd4 Nf6 5. Nc3 a6 6. Bg5 e6 7. f4 Qc7 8. Qf3
b5 9. a3 Nbd7 10. O-O-O Bb7 11. Bd3 Qb6 12. Nb3 Rc8 13. Rhe1 Rxc3 14. bxc3 Nc5
15. Bxf6 gxf6 16. Qh5 Na4 17. c4 d5 18. exd5 Bxa3+ 19. Kb1 Nc3+ 20. Ka1 e5 21.
fxe5 bxc4 22. exf6+ Kd8 23. Qe5 cxd3 24. Qxc3 Bb4 25. Qe5 dxc2 26. Rc1 Bxe1 27.
Rxe1 Kc8 28. Kb2 Rd8 29. Rc1 Bxd5 30. Rxc2+ Kb7 31. Rc3 Be6 32. Ka3 Rd5 33.
Nc5+ Ka7 34. Qe3 Rd1 35. Nb3 Qxe3 36. Rxe3 Rf1 37. Nd4 Rxf6 38. Nf3 Kb6 39. Re2
Rf5 40. Nd4 Rf6 41. Re5 Kc7 42. Kb4 Kd6 43. Ra5 Bc8 44. g3 h6 45. Kc4 Rg6 46.
Rc5 Be6+ 47. Nxe6 Rxe6 48. Ra5 Ke7 49. Kd4 Kf6 50. g4 Rb6 51. Ke4 Kg6 52. h4
Kf6 53. Rf5+ Ke6 54. Ra5 Kf6 1/2-1/2

[Event "XtraCon-Skakligaen"]
[Site "Denmark"]
[Date "2011.10.30"]
[Round "2.6"]
[White "Nilsson, Lars Kjoller"]
[Black "Naes, Flovin Tor"]
[Result "0-1"]
[WhiteElo "2036"]
[BlackElo "2260"]
[PlyCount "114"]
[EventDate "2011.10.29"]
[EventType "team-tourn"]
[EventRounds "9"]
[WhiteTeam "Hillerod"]
[BlackTeam "K41"]
[WhiteTeamCountry "DEN"]
[BlackTeamCountry "DEN"]

1. e4 e5 2. Nf3 Nc6 3. d4 exd4 4. Nxd4 Nf6 5. Nxc6 bxc6 6. Bd3 d5 7. Qe2 dxe4
8. Bxe4 Nxe4 9. Qxe4+ Qe7 10. Nc3 Bf5 11. Qxe7+ Bxe7 12. O-O Rb8 13. Re1 Kd7
14. Ne4 Rb4 15. f3 Bxe4 16. fxe4 Re8 17. Kf2 Bf6 18. c3 Rbxe4 19. Be3 a6 20.
Rad1+ Kc8 21. Bd2 Rxe1 22. Rxe1 Bh4+ 23. g3 Rxe1 24. Bxe1 Bf6 25. b3 Kd7 26.
Kf3 Be5 27. c4 Ke6 28. h3 f5 29. Bd2 Kd7 30. Be3 Kd6 31. g4 fxg4+ 32. hxg4 Ke6
33. Ke4 h6 34. Bc5 g6 35. Bf2 h5 36. Kf3 Bd6 37. Bh4 Ke5 38. gxh5 gxh5 39. Ke3
Bc5+ 40. Kf3 Bd6 41. Bf2 Kf5 42. Be1 Be7 43. Bg3 Bd6 44. Bh4 Ke5 45. Ke3 Bc5+
46. Kf3 Bf8 47. Bf2 Be7 48. Bg3+ Kd4 49. Bxc7 Kc3 50. Be5+ Kc2 51. Ke4 Kb1 52.
Kd3 Kxa2 53. Kc3 Bh4 54. Kb4 Be1+ 55. Ka4 c5 56. Bf6 Bb4 57. Bc3 Bxc3 0-1